CALCUS OF A SINGLE VARIABLE (Record no. 216199)

MARC details
000 -LEADER
fixed length control field 00500nam a22001937a 4500
008 - FIXED-LENGTH DATA ELEMENTS--GENERAL INFORMATION
fixed length control field 251118b |||||||| |||| 00| 0 eng d
020 ## - INTERNATIONAL STANDARD BOOK NUMBER
International Standard Book Number 978-0-538-73553-7
050 ## - LIBRARY OF CONGRESS CALL NUMBER
Classification number QA 303,2 .L37 2011
100 ## - MAIN ENTRY--PERSONAL NAME
Personal name LARSON, RON
245 ## - TITLE STATEMENT
Title CALCUS OF A SINGLE VARIABLE
250 ## - EDITION STATEMENT
Edition statement 5TH
260 ## - PUBLICATION, DISTRIBUTION, ETC.
Place of publication, distribution, etc. WASHINGTON DC
Name of publisher, distributor, etc. BROOKS/COLE
Date of publication, distribution, etc. 2011
300 ## - PHYSICAL DESCRIPTION
Extent V-156P.
500 ## - GENERAL NOTE
General note It has bibliographic data
650 ## - SUBJECT ADDED ENTRY
Topical term or geographic name entry element Calculus Problems
700 ## - ADDED ENTRY--PERSONAL NAME
Personal name Larson Ron
942 ## - ADDED ENTRY ELEMENTS (KOHA)
Source of classification or shelving scheme Library of Congress Classification
Koha item type Long Loan Book

No items available.